01003nam a22002297a 450000500170000001000150001702000270003203500130005903700130007208200200008510000160010524501900012126000350031127000700034630000320041650000640044865000330051265000410054594200340058699900170062095201360063720150519114006.0 aENG-112570 a9789381904084c1395.00 aEN-96102 bDBAD/PUB a338.4762340954  aMisra, S.N.00aImpact of defence offsets on India's military industry capability and self- reliance:cby S.N. Misra ; foreworded by A.P.J. Abdul Kalam ; introduction by Jasjit Singh.bthe road ahead / aNew DelhibKW Publishersc2012 a4676/21, First Floor, Ansari Road, Daryaganj, bNew Delhie110002 axxx,186p. :c24cm(Hb)bill. aIncludes bibliographical references (p. 173-184) and index. a Defense industries zIndia. aMilitary-industrial complex zIndia. 2ddccENmMISh338.4762340954  c92714d92714 001040718NFICaDBADbDBADd2015-04-06eDBAD/PUBg1395.00l0o338.4762340954 MISp EN-96102r2015-04-06 00:00:00t1v1395.00yEN